000 00962cam a22003017a 4500
003 CHAP
005 20220817042901.0
008 971013s1984 r 00010 d
010 _a58791
011 _a59763
035 _a63923
040 _cCHAP
090 _aFolleto 14596
110 _aCentro de Estudios Históricos del Agrarismo en México
245 1 4 _aLos ejidos de Yucatán y el henequén Lázaro Cárdenas
_b: discursos
260 _aMéxico, D. F. :
_bEl Centro,
_c1984
300 _a79 p.
_b: ilus.
590 _aBATCH-UPD
_b10
_c20130110
_lUCH01
_h0625
590 _aBATCH-UPD
_b10
_c20130410
_lUCH01
_h0309
590 _aBATCH-UPD
_b10
_c20130914
_lUCH01
_h1332
590 _aCONVERSION
_b10
_c20130109
_lUCH01
_h1332
650 1 4 _aEjidos
_xYucatán.
_936036
650 1 4 _aHenequén
_xYucatán.
_953592
650 1 4 _aReforma agraria
_xYucatán.
_995593
901 _aBK
942 _cFOLL
949 _aFolleto 14596
_bBC
_cFOLL
_d-138360
_eTS1
_i63923
_si
999 _c58791
_d58791